Score 0/72 Timer 08:00
0 Plays Today
Hint 4-Letter Word % Correct
City garbage siteDUMP
98.1%
⚑ Leap, hop ⚑JUMP
97.8%
Slightly wet, moistDAMP
97.1%
Pellets of frozen rainHAIL
95.1%
Money for temporary jail releaseBAIL
95%
⚑ 365 days ⚑YEAR
92.9%
Turn from solid to liquidMELT
92.5%
⚑ Seven day period ⚑WEEK
92.4%
Song for twoDUET
91.6%
⚑ Participate in a game ⚑PLAY
91.6%
Aged between 12 and 20TEEN
91.5%
Large retail complex MALL
91.3%
Nasal dischargeSNOT
91%
⚑ Period between birth and death ⚑LIFE
90.9%
⚑ Seconds, minutes, hours, etc. ⚑TIME
90.8%
Unwanted garden plantWEED
90.6%
Frail, feebleWEAK
90.5%
Condemn to eternal punishmentDAMN
90.3%
Small green citrusLIME
90.3%
Close a doorSHUT
90.3%
⚑ Small drink of distilled liquor ⚑SHOT
89.6%
Germinated cereal grain in brewingMALT
89.1%
Readied golf ballTEED
88.7%
⚑ Water craft ⚑BOAT
88.5%
Kill violentlySLAY
88.3%
Musical pulseBEAT
88.3%
Exercise auditory senseHEAR
88.1%
Furred animal skinPELT
87.8%
⚑ Matching pants and jacket ⚑SUIT
87.8%
Golfer's cautionary shoutFORE
86.1%
Sterilize female animalSPAY
85.5%
Military conflicts between nationsWARS
85.3%
Necklace componentBEAD
85.1%
Alert someone of dangerWARN
84.9%
Lauderdale, Worth, or WayneFORT
84.9%
____ the ExplorerDORA
84.9%
Hint 4-Letter Word % Correct
Hard fat used in bird feedersSUET
84.5%
⚑ School semester ⚑TERM
84%
Successfully complete plane flightLAND
83.7%
⚑ Chief, premier of state ⚑HEAD
83.7%
Introduce solid food to youngWEAN
83.5%
Boxing training activitySPAR
83.3%
Irritated hissy fitSNIT
82.9%
⚑ Terminal part of forelimb ⚑HAND
82.6%
To have whirled around quicklySPUN
81%
Slender migratory seabirdTERN
80.9%
Tattered, frayedWORN
80.3%
Danish author Christian Andersen HANS
80.3%
⚑ San Antonio NBA player ⚑SPUR
80.2%
Avoid, eschewSHUN
80.1%
Rounded roofDOME
79.5%
Large scholarly workTOME
79.2%
Organic material of bogsPEAT
79.2%
Give birth to a lamb (arch.)YEAN
79.1%
⚑ Pull with effort or force ⚑HAUL
77.2%
Insect repellentDEET
76.5%
Map out an area of landPLAT
76%
Diamonds used in cutting toolsBORT
74.9%
Heavy hammer for driving wedgesMAUL
74.6%
Small shrill fluteFIFE
74.5%
ConflagrationFIRE
73.6%
French artist Gustave (1832-83)DORÉ
72.7%
Abound or swarm withTEEM
72.6%
Have an opinion, judgeDEEM
71.4%
Canadian singer k.d.LANG
68.7%
⚑ ____ & Means Committee ⚑WAYS
68.2%
⚑ Maybe French in orchestra ⚑HORN
67.5%
Feeds livestock with cut grassHAYS
65.9%
Traditional Israeli ring danceHORA
64.2%
Mitt Romney's Capital Co.BAIN
62%
Dwarf in Norse mythologyDÁIN
61.2%
⚑⚑ COMMON BOND ⚑⚑LONG
40.3%

Today's Daily Dose

You're not logged in!

Compare scores with friends on all Sporcle quizzes.
OR
Log In

Sporcle TV

Today on Sporcle TV


Watch our educational content, quiz creation guides, and fun videos on Sporcle TV.

Show Comments

Extras

Top Quizzes Today


Score Distribution

Your Account Isn't Verified!

In order to create a playlist on Sporcle, you need to verify the email address you used during registration. Go to your Sporcle Settings to finish the process.

Report this User

Report this user for behavior that violates our Community Guidelines.

Details: